Cooperation, conflict, and consensus in the Organization of American States (Record no. 187583)
[ view plain ]
| 000 -LEADER | |
|---|---|
| fixed length control field | 01483nam a2200361Ia 4500 |
| 100 1# - MAIN ENTRY--AUTHOR NAME | |
| Personal name | Shaw, Carolyn M., |
| 245 10 - TITLE STATEMENT | |
| Title | Cooperation, conflict, and consensus in the Organization of American States |
| 260 ## - PUBLICATION, DISTRIBUTION, ETC. (IMPRINT) | |
| Place of publication | Basingstoke, Hampshire ; |
| -- | New York : |
| Name of publisher | Palgrave Macmillan, |
| Year of publication | 2004. |
| 300 ## - PHYSICAL DESCRIPTION | |
| Number of Pages | 209 p. |
| 650 #0 - SUBJECT ADDED ENTRY--TOPICAL TERM | |
| Topical Term | Conflict management |
| Topical Term | Security, International |
| Topical Term | Pan-Americanism. |
| 856 40 - ELECTRONIC LOCATION AND ACCESS | |
| Uniform Resource Identifier | http://site.ebrary.com/lib/rucke/Doc?id=10135417 |
No items available.
